| 000 | 00343nam a22001217a 4500 | ||
|---|---|---|---|
| 020 | _a9788131807033 | ||
| 082 |
_a628.1 _bPUN/WA |
||
| 100 |
_aPunmia,B C _aAshok Kumar Jain _aArun K Jain _9194 |
||
| 245 | _aWater Supply Engineering: Environmental Engineering- 1 | ||
| 260 |
_aNew Delhi _bLlaxmi Publications _c2012 |
||
| 300 | _a584 | ||
| 942 | _cBK | ||
| 999 |
_c14160 _d14160 |
||